Teoría marxista del partido político II (Problemas de organización) /
El documento consiste en un cuaderno de publicaciones dedicado a la temática de la teoría marxista del partido político, particularmente en las cuestiones de organización.
Shranjeno v:
| Drugi avtorji: | , , , , |
|---|---|
| Format: | Knjiga |
| Jezik: | Spanish |
| Izdano: |
México
Siglo XXI Editores
1976
|
| Izdaja: | 4 ta. edición |
| Serija: | Cuadernos de Pasado y Presente
|
| Teme: | |
| Oznake: |
Označite
Brez oznak, prvi označite!
|
MARC
| LEADER | 00000nam a22000007a 4500 | ||
|---|---|---|---|
| 003 | cru CIDCACS/IIS | ||
| 005 | 20230529102943.0 | ||
| 008 | 170519b1976 mx ||||| |||||||| ||spa d | ||
| 040 | |c cru CIDCACS/IIS | ||
| 090 | |a 03.03.01 T314t | ||
| 245 | |a Teoría marxista del partido político II |b (Problemas de organización) / |c Daniel Bensaid, Alain Nair, Rosa Luxemburg, Valdimir L. Lenin y Georg Lukács | ||
| 250 | |a 4 ta. edición |b Reimpresión para América Central, Caribe y América del Norte exclusivamente | ||
| 260 | |a México |b Siglo XXI Editores |c 1976 | ||
| 300 | |a 155 páginas | ||
| 440 | 0 | |9 4819 |a Cuadernos de Pasado y Presente |n 12 | |
| 500 | |a Colección Alforja | ||
| 520 | 3 | |a El documento consiste en un cuaderno de publicaciones dedicado a la temática de la teoría marxista del partido político, particularmente en las cuestiones de organización. | |
| 650 | 1 | 0 | |9 236 |a MARXISMO |
| 650 | 1 | 0 | |9 3642 |a DOCTRINAS POLITICAS |
| 650 | 1 | 0 | |9 4290 |a ESTRUCTURA ORGANIZACIONAL |
| 650 | 1 | 0 | |9 413 |a PARTIDOS POLITICOS |
| 700 | 1 | |9 4820 |a Lenin, Vladimir Illich | |
| 700 | 1 | |9 4824 |a Lukács, Georg | |
| 700 | 1 | |9 4823 |a Luxemburg, Rosa | |
| 700 | 1 | |9 4822 |a Nair, Alain | |
| 700 | 1 | |a Bensaïd, Daniel |9 4821 | |
| 942 | |2 ddc |c LI |h 03.03.01 T314t |i 17838 |6 030301_T314T_17838 | ||
| 999 | |c 19346 |d 19346 | ||
